| 000 | 01133nam a2200301 a 4500 | ||
|---|---|---|---|
| 001 | 25498 | ||
| 003 | CO-ViMGA | ||
| 005 | 20230915232101.0 | ||
| 008 | 141112s2004 ck r 000 u spa d | ||
| 015 | _ack - 2009 - xxxx | ||
| 020 | _a9789583031489 | ||
| 040 |
_aCO-ViMGA _bspa _cCO-ViMGA |
||
| 041 | _aspa eng | ||
| 082 | 0 | 4 | _a658.401 K37m |
| 100 | 1 |
_aKerr, James M. _938933 |
|
| 245 | 1 | 0 |
_aLas mejores prácticas para empresas exitosas : _bobtenga un desempeño sostenible y de alta categoría / _cJames M. Kerr ; traducción Mariana Infante Villaroel. |
| 250 | _aEdición en español Fernando Carretero Padilla. | ||
| 260 |
_aBogotá : _bPanAméricana Editorial : _b3R Editores, _c2009. |
||
| 300 | _a256 p. : il. ; 23 cm. | ||
| 490 | _aTemas gerenciales | ||
| 500 | _aIncluye índice. | ||
| 650 | 1 | 4 |
_aBenchmarking (Administración) _919372 |
| 700 | 1 |
_aInfante Villarroel, Mariana, tr. _938934 |
|
| 942 |
_2ddc _cBK |
||
| 949 | _an n | ||
| 999 |
_c3567 _d3567 |
||